| 000 | 00409nam a22001577a 4500 | ||
|---|---|---|---|
| 020 | _a978-93-50330-52-4 | ||
| 082 |
_a823 _bVER/A |
||
| 100 | _aVERNE, JULES | ||
| 245 |
_aAROUND THE WORLD IN 80 DAYS _bSHORT STORY |
||
| 246 |
_aAROUND THE WORLD IN 80 DAYS _bSHORT STORY |
||
| 260 |
_aNOIDA _bMAPLE PRESS PRIVATE LIMITED _c2010 |
||
| 300 | _a160 | ||
| 520 | _aSHORT STORY | ||
| 650 | _aSHORT STORY | ||
| 942 | _cBK | ||
| 999 |
_c2903 _d2903 |
||